000 00393pam a2200157a 44500
008 230515b2006 xxu||||| |||| 00| 0 eng d
020 _aNULL
041 _aENGLISH
082 _a621.902
100 _aMEHTA N K
245 _aMACHINE TOOL DESIGEN & NUMERICAL CONTROL
250 _a2
260 _aDELHI
_bTAT MCGRAW-HILL PUBLISHING COMPANY LIMITED
_c2006
300 _a505
650 _aNULL
999 _c659486
_d659486